Tratados morales /

Bibliographic Details
Main Authors: Cicero, Marcus Tullius (Author), Seneca, Lucius Annaeus, approximately 4 B.C.-65 A.D (Author)
Other Authors: Novoa, Francisco (contributor agent of text.)
Format: Electronic eBook
Language:Spanish
Published: Ciudad de México : Océano, [2016]
Edition:Primera edición en libro electrónico.
Subjects:
Online Access:Digitalia Hispánica

MARC

LEADER 00000nam a2200000Ii 4500
001 DIGOCEANO0032
003 NyNyDIG
006 m o d
007 cr |||||||||||
008 240404s2016 mx o 000 0 spa d
035 |a (OCoLC)1430189279 
040 |a DGITA  |b eng  |e rda  |e pn  |c DGITA 
020 |a 9786077351757  |q eBook 
020 |z 9789706513397 
050 1 4 |a BJ41 ebook 
245 0 0 |a Tratados morales /  |c Cicerón, Séneca ; estudio preliminar de Francisco Nóvoa. 
250 |a Primera edición en libro electrónico. 
264 1 |a Ciudad de México :  |b Océano,  |c [2016] 
300 |a 1 online resource. 
336 |a text  |b txt  |2 rdacontent 
337 |a computer  |b c  |2 rdamedia 
338 |a online resource  |b cr  |2 rdacarrier 
347 |a text file  |2 rdaft 
347 |b EPUB 
588 0 |a Online resource; title from ePub title page (Digitalia, viewed April 4, 2024) 
650 0 |a Ethics. 
700 1 |a Cicero, Marcus Tullius,  |e author. 
700 1 |a Seneca, Lucius Annaeus,  |d approximately 4 B.C.-65 A.D.,  |e author. 
700 1 |a Novoa, Francisco,  |e contributor agent of text. 
791 2 |a Digitalia (Firm),  |e distributor. 
793 0 |g Digitalia eBook Collection:  |a Editorial Océano 
776 0 8 |i Print version:  |t Tratados morales.  |d Ciudad de México : Océano, [2000]  |z 9789706513397 
856 4 0 |3 Digitalia Hispánica  |u https://www.digitaliapublishing.com/a/85229/ 
910 |a Premium collection: 2024